La autotranscendencia del sentido en Wittgenstein (Registro nro. 307899)

Detalles MARC
001 - NÚMERO DE CONTROL
campo de control 867017
005 - FECHA Y HORA DE LA ÚLTIMA TRANSACCIÓN
campo de control 20240201191551.0
008 - DATOS DE LONGITUD FIJA--INFORMACIÓN GENERAL
campo de control de longitud fija 040318e20030905 spa
035 ## - NÚMERO DE CONTROL DEL SISTEMA
Número de control de sistema 867017
035 ## - NÚMERO DE CONTROL DEL SISTEMA
Número de control de sistema (OCoLC)820101472
040 ## - FUENTE DE LA CATALOGACIÓN
Centro/agencia transcriptor comduadb
041 ## - CÓDIGO DE LENGUA
Código de lengua del texto/banda sonora o título independiente spa
100 10 - ENTRADA PRINCIPAL--NOMBRE DE PERSONA
Nombre de persona Ortiz de Landázuri, Carlos
Código de función aut
Término indicativo de función/relación Autor/a
9 (RLIN) 276925
245 13 - MENCIÓN DE TÍTULO
Título La autotranscendencia del sentido en Wittgenstein
600 14 - PUNTO DE ACCESO ADICIONAL DE MATERIA--NOMBRE DE PERSONA
Nombre de persona Wittgenstein, Ludwig Joseph Johann,
Fechas asociadas al nombre 1889-1951
9 (RLIN) 242965
650 ## - PUNTO DE ACCESO ADICIONAL DE MATERIA--TÉRMINO DE MATERIA
Término de materia o nombre geográfico como elemento de entrada Sentido
9 (RLIN) 32999
650 ## - PUNTO DE ACCESO ADICIONAL DE MATERIA--TÉRMINO DE MATERIA
Término de materia o nombre geográfico como elemento de entrada Winch, Peter
9 (RLIN) 53842
650 ## - PUNTO DE ACCESO ADICIONAL DE MATERIA--TÉRMINO DE MATERIA
Término de materia o nombre geográfico como elemento de entrada Filosofía analítica
9 (RLIN) 20492
650 #7 - PUNTO DE ACCESO ADICIONAL DE MATERIA--TÉRMINO DE MATERIA
Término de materia o nombre geográfico como elemento de entrada Filosofía del lenguaje
Fuente del encabezamiento o término lemb
9 (RLIN) 29404
650 ## - PUNTO DE ACCESO ADICIONAL DE MATERIA--TÉRMINO DE MATERIA
Término de materia o nombre geográfico como elemento de entrada Apel, Karl Otto, 1922-2017
9 (RLIN) 20404
773 0# - ENLACE AL DOCUMENTO FUENTE/ENTRADA DE REGISTRO ANFITRIÓN
Título Anuario Filosófico (Pamplona)
Parte(s) relacionada(s) Volumen 36, Número 03, Septiembre 2003, p. 673-692
Número de control del registro 9115
Número Internacional Normalizado para Publicaciones Seriadas 0066-5215
Número bibliográfico anfitrión 4104
942 ## - ELEMENTOS DE ENTRADA AGREGADA (KOHA)
Tipo de ítem Koha Artículo de Revista

No hay ítems disponibles.